| 000 | 00691nam a2200193Ia 4500 | ||
|---|---|---|---|
| 003 | GCL | ||
| 008 | 140319s9999 xx 000 0 ara d | ||
| 040 |
_aGCL / _cGCL |
||
| 082 | 0 | 4 |
_a953.965 _bهـ ر |
| 100 | 1 | _aابن هطال، احمد التلمسانى | |
| 245 | 1 | 0 |
_a"رحلة محمد الكبير ""باى الغرب الجزائرى"" الى الجنوب الصحراوى الجزائرى" / _cابن هطال، احمد التلمسانى |
| 700 | 1 | _aمحمد بن عبدالكريم | |
| 300 | _a121 ص | ||
| 490 | _a | ||
| 650 | 0 | 4 | _aالجزائر - تاريخ - العصر العثمانى |
| 650 | 0 | 4 | _aوهران |
| 650 | 0 | 4 | _aمحمد الكبير |
| 942 |
_2ddc _cBK |
||
| 999 |
_c37741 _d37741 |
||